000 00726nam a22002531 4500
999 _c525683
_d525683
001 754288
003 NUST
005 20190704044556.0
008 740502s1967 maub b 000 0 eng
010 _a 67002945
038 _aMuhammad Ibrahim
040 _aDLC
_cDLC
_dDLC
043 _aa-pk---
050 0 0 _aJQ242
_b.S38
082 0 0 _a320.9/549
100 1 _aSayeed, Khalid B.
_916627
245 1 4 _aThe political system of Pakistan
_c Khalid B. Sayeed.
260 _aLahore
_bPeace Publication
_c2017
300 _aviii, 321 p.
_bmaps.
_c22 cm.
504 _aBibliography: p. 293-308.
651 0 _aPakistan
_xPolitics and government.
_9206
906 _a7
_bcbc
_corignew
_du
_eocip
_f19
_gy-gencatlg
942 _2ddc
_cBK